000 00417nam a22001817a 4500
003 0
005 20220117094735.0
008 0
020 _a9710412457
040 _c0
050 _aPE 1073.5
_bC8222
100 _aCoronel, Brian Ben C.
245 _aBasic english
_cBrian Ben C. Coronel
260 _aMandaluyung City:
_bBooks atbp,
_c2013
300 _axi 167 pages
_b23cm.
650 _aLanguage
942 _2lcc
_cFIL
999 _c1888
_d1888